| 000 | 00789nam a2200205 i 4500 | ||
|---|---|---|---|
| 001 | bg | ||
| 100 | 1 |
_aWIŚNIEWSKI, Zbigniew _d(1955- ) |
|
| 245 | 1 | 0 |
_aDynamika zrzutowych łodzi ratunkowych : _bsymulacyjne i doświadczalne metody wspomagające projektowanie zrzutowych łodzi ratunkowych / _cZbigniew Wiśniewski. |
| 260 |
_aGdynia : _bWyższa Szkoła Morska, _c1999. |
||
| 300 |
_a111 s. : _bfot., rys., wykr. ; _c21 cm. |
||
| 490 | 1 |
_aPrace Naukowe Wyższej Szkoły Morskiej w Gdyni, _x0860-4827 |
|
| 504 | _aBibliogr. s. 108-111. | ||
| 650 | 9 |
_aŁodzie ratunkowe _xprojekty _xmetody |
|
| 830 |
_aPrace Naukowe Wyższej Szkoły Morskiej w Gdyni, _x0860-4827 |
||
| 040 | _cBPK | ||
| 041 | 0 | _apl | |
| 080 | _a629.52:614.88 | ||
| 942 | _cKS | ||
| 008 | s pl f |000 0 pol | ||
| 999 |
_c39209 _d39209 |
||
| 856 |
_uhttp://koha.tu.koszalin.pl/cgi-bin/koha/opac-detail.pl?biblionumber=39209 _yKatalog online BPK |
||